000 00743nam a22002055i 4500
001 176301
003 ES-MaACL
005 20231226202710.0
008 110107s1971 sp |||| | spa d
080 _a821.134.2-31"18"
100 1 _aPalacio Valdés, Armando,
_d1853-1938
_988382
245 1 0 _aTristán o el pesimismo /
_cA. Palacio Valdés ; estudio, notas y comentarios de texto por Mariano Baquero Goyanes.
260 _aMadrid :
_bNarcea,
_cD. L. 1971.
300 _a469 p. ;
_c19 cm.
490 1 _aBitácora. Biblioteca del estudiante ;
_v15
700 0 _aBaquero Goyanes, Mariano.
_925265
830 0 _aBitácora. Biblioteca del estudiante ;
_v15
_9181903
852 _aES-MaACL
_jE-13947
_xOlim P-1892
999 _c176301
_d176301